00906nam a2200229 a 4500001001000000005001700010008004100027041000800068044000600076050002400082100002000106245005400126260005500180300002800235500008800263500006300351500014800414500000800562504003100570650002600601650004900627BRCA_468020190320204750.0011010r1941----u--a######---#000-0#eng-# aeng au 4aNK2205b.A76 1 19411 aAronson, Joseph10aThe Encyclopedia of Furniturecby Joseph Aronson. aEstados Unidos de AméricabCrownc4a reimp. 1941 avi, 202 p.bil.c29 cm. aEstado físico: camisa rota y encuadernación rota de la esquina inferior derecha aEnciclopedia inventariada por Banco de México como libro aEjemplar igual a Y125 (12a reimp. 1947) y 3127 (14a reimp. 1949). Ver también Y187 (3a ed. 1965) y no. de sistema 6117 (Gran Bretaña, 1966) aD53 aBibliografía: p. 201-20214aMueblesvDiccionarios14aDecoración y ornamentaciónvDiccionarios